[Event "Ruhrgebiet Verbandsliga Gruppe 2 1718"]
[Site "Germany"]
[Date "2018.02.25"]
[Round "7.6"]
[White "Diederich, Thomas"]
[Black "Zimmermann, Dirk"]
[Result "0-1"]
[WhiteElo "1518"]
[BlackElo "1918"]
[PlyCount "60"]
[EventDate "2017.09.17"]
[EventType "team-tourn"]
[EventRounds "9"]
[EventCountry "GER"]
[SourceTitle "EXT 2022"]
[Source "ChessBase"]
[SourceDate "2021.10.06"]
[SourceVersion "1"]
[SourceVersionDate "2021.10.06"]
[SourceQuality "1"]
[WhiteTeam "Muelheim SC"]
[BlackTeam "Brambauer"]
[WhiteTeamCountry "GER"]
[BlackTeamCountry "GER"]

1. c4 e5 2. g3 Nc6 3. Bg2 g6 4. Nc3 Bg7 5. e3 f5 6. Nge2 Nf6 7. 0-0 0-0 8. d3 d6 9. a3 a5 10. Rb1 Be6 11. Nd5 Qd7 12. h3 Nd8 13. Kh2 Qf7 14. f4 Nxd5 15. cxd5 Bxd5 16. e4 Bb3 17. Qd2 Nc6 18. Qe3 Rae8 19. Bd2 d5 20. Qc5 dxe4 21. dxe4 Qc4 22. Qe3 exf4 23. Nxf4 a4 24. Rbc1 Qd4 25. Qxd4 Bxd4 26. Bc3 Bxc3 27. Rxc3 fxe4 28. Re3 Nd4 29. Rxe4 Rxe4 30. Bxe4 g5 0-1

[Event "Ruhrgebiet Verbandsliga Gruppe 2 1718"]
[Site "Germany"]
[Date "2018.01.14"]
[Round "5.6"]
[White "Fistoul, Michail"]
[Black "Zimmermann, Dirk"]
[Result "1/2-1/2"]
[WhiteElo "1951"]
[BlackElo "1918"]
[PlyCount "63"]
[EventDate "2017.09.17"]
[EventType "team-tourn"]
[EventRounds "9"]
[EventCountry "GER"]
[SourceTitle "EXT 2022"]
[Source "ChessBase"]
[SourceDate "2021.10.06"]
[SourceVersion "1"]
[SourceVersionDate "2021.10.06"]
[SourceQuality "1"]
[WhiteTeam "Bochum SG III"]
[BlackTeam "Brambauer"]
[WhiteTeamCountry "GER"]
[BlackTeamCountry "GER"]

1. d4 Nf6 2. c4 g6 3. f3 Bg7 4. e4 d6 5. Nc3 Nc6 6. Be3 0-0 7. Nge2 a6 8. d5 Ne5 9. Ng3 e6 10. a4 exd5 11. cxd5 c6 12. dxc6 bxc6 13. Be2 Be6 14. 0-0 Qb8 15. Qd2 Nc4 16. Bxc4 Bxc4 17. Rfe1 Nd7 18. f4 Rd8 19. Bd4 Bxd4+ 20. Qxd4 Qa7 21. Qxa7 Rxa7 22. b4 Nf8 23. Nge2 Rb7 24. Nd4 Rc8 25. Rab1 Ne6 26. Nxe6 fxe6 27. Red1 d5 28. b5 axb5 29. axb5 cxb5 30. exd5 exd5 31. Nxd5 Bxd5 32. Rxd5 1/2-1/2

[Event "Ruhrgebiet Verbandsliga Gruppe 2 1516"]
[Site "Germany"]
[Date "2015.12.20"]
[Round "5.5"]
[White "Zimmermann, Dirk"]
[Black "Sievert, Jan Thorwald"]
[Result "1/2-1/2"]
[WhiteElo "1943"]
[BlackElo "2062"]
[PlyCount "108"]
[EventDate "2015.09.06"]
[EventType "team-tourn"]
[EventRounds "9"]
[EventCountry "GER"]
[SourceTitle "EXT 2022"]
[Source "ChessBase"]
[SourceDate "2021.10.06"]
[SourceVersion "1"]
[SourceVersionDate "2021.10.06"]
[SourceQuality "1"]
[WhiteTeam "Brambauer"]
[BlackTeam "Hamm SV"]
[WhiteTeamCountry "GER"]
[BlackTeamCountry "GER"]

1. d4 Nf6 2. c4 Nc6 3. Nf3 e6 4. Nc3 Bb4 5. Qc2 h6 6. e4 0-0 7. Bd3 d6 8. 0-0 Bxc3 9. Qxc3 e5 10. d5 Ne7 11. c5 Ng6 12. Be3 Ng4 13. Rac1 Nh4 14. Nxh4 Qxh4 15. h3 Nxe3 16. fxe3 Qg5 17. Rf3 f5 18. exf5 Bxf5 19. Bxf5 Rxf5 20. Rxf5 Qxf5 21. Qc2 e4 22. Qb3 Rf8 23. Qxb7 Qf2+ 24. Kh1 Qxe3 25. Rg1 Qxc5 26. b4 Qb6 27. Qxb6 cxb6 28. Re1 Re8 29. Kg1 Re5 30. Re3 Kf7 31. Ra3 Rxd5 32. Rxa7+ Kf6 33. a4 Rd4 34. b5 Rb4 35. Kf2 Ke5 36. Rxg7 Kd4 37. Rg6 d5 38. Rxb6 Rxa4 39. Rxh6 Kd3 40. Re6 Ra2+ 41. Kg3 e3 42. Kf4 Ra4+ 43. Kf5 Re4 44. Rxe4 dxe4 45. b6 e2 46. b7 e1Q 47. b8Q Qf2+ 48. Ke6 e3 49. Qb3+ Ke2 50. Qb5+ Ke1 51. Qb1+ Kd2 52. Qb2+ Kd3 53. Qb3+ Kd4 54. Qb4+ Kd3 1/2-1/2

[Event "Ruhrgebiet Verbandsliga Gruppe 2 1516"]
[Site "Germany"]
[Date "2015.09.27"]
[Round "2.5"]
[White "Berendsen, Markus"]
[Black "Zimmermann, Dirk"]
[Result "1/2-1/2"]
[WhiteElo "1975"]
[BlackElo "1943"]
[PlyCount "122"]
[EventDate "2015.09.06"]
[EventType "team-tourn"]
[EventRounds "9"]
[EventCountry "GER"]
[SourceTitle "EXT 2022"]
[Source "ChessBase"]
[SourceDate "2021.10.06"]
[SourceVersion "1"]
[SourceVersionDate "2021.10.06"]
[SourceQuality "1"]
[WhiteTeam "Oberhausen SV II"]
[BlackTeam "Brambauer"]
[WhiteTeamCountry "GER"]
[BlackTeamCountry "GER"]

1. c4 e5 2. g3 Nc6 3. Bg2 Nf6 4. Nc3 Bb4 5. Nd5 Bc5 6. e3 0-0 7. Ne2 Re8 8. d3 d6 9. 0-0 Bf5 10. a3 a5 11. h3 Nxd5 12. cxd5 Ne7 13. Kh2 Bd7 14. d4 exd4 15. Nxd4 a4 16. e4 Ng6 17. f4 Qf6 18. Be3 Ra6 19. Qd2 h6 20. Rac1 Bb6 21. Rc2 Raa8 22. Bg1 Rac8 23. Rfc1 Qe7 24. Ne2 Bxg1+ 25. Kxg1 c5 26. dxc6 Rxc6 27. Nd4 Rxc2 28. Rxc2 Qd8 29. Qb4 Qb8 30. Qb6 Rc8 31. Rxc8+ Qxc8 32. Kh2 Qc5 33. Qb4 Qxb4 34. axb4 b6 35. Bf1 Kf8 36. b5 Ne7 37. Bd3 Ke8 38. Bc2 Kd8 39. Bxa4 Kc7 40. Bb3 f5 41. e5 dxe5 42. fxe5 g5 43. Kg2 Bc8 44. Bf7 Bb7+ 45. Kf2 Bc8 46. Ke3 f4+ 47. gxf4 gxf4+ 48. Kxf4 Bxh3 49. Kg3 Bc8 50. Kf4 Bh3 51. Bc4 Ng6+ 52. Ke4 Ne7 53. b3 Bg2+ 54. Kf4 Bh3 55. Bf7 Bc8 56. Kg3 Bb7 57. Kg4 Bd5 58. Bxd5 Nxd5 59. Kf5 Kd7 60. e6+ Kd6 61. Ke4 h5 1/2-1/2

[Event "Ruhrgebiet Verbandsliga Gruppe 1 1415"]
[Site "Germany"]
[Date "2015.03.01"]
[Round "7.4"]
[White "Zimmermann, Dirk"]
[Black "Kucheyda, Joerg"]
[Result "1-0"]
[WhiteElo "1914"]
[BlackElo "1970"]
[PlyCount "27"]
[EventDate "2014.09.21"]
[EventType "team-tourn"]
[EventRounds "9"]
[EventCountry "GER"]
[SourceTitle "EXT 2022"]
[Source "ChessBase"]
[SourceDate "2021.10.06"]
[SourceVersion "1"]
[SourceVersionDate "2021.10.06"]
[SourceQuality "1"]
[WhiteTeam "Brambauer"]
[BlackTeam "Gladbeck SG"]
[WhiteTeamCountry "GER"]
[BlackTeamCountry "GER"]

1. c4 Nf6 2. d4 g6 3. Nc3 d5 4. Nf3 Bg7 5. Bg5 c6 6. e3 0-0 7. Qb3 dxc4 8. Bxc4 b5 9. Be2 a5 10. 0-0 Na6 11. Ne5 Qd6 12. Bf4 a4 13. Qd1 Nd5 14. Nxd5 1-0

[Event "Ruhrgebiet Verbandsliga Gruppe 1 1415"]
[Site "Germany"]
[Date "2014.12.14"]
[Round "4.5"]
[White "Zimmermann, Dirk"]
[Black "Schlueter, Christoph"]
[Result "1/2-1/2"]
[WhiteElo "1930"]
[BlackElo "1966"]
[PlyCount "73"]
[EventDate "2014.09.21"]
[EventType "team-tourn"]
[EventRounds "9"]
[EventCountry "GER"]
[SourceTitle "EXT 2022"]
[Source "ChessBase"]
[SourceDate "2021.10.06"]
[SourceVersion "1"]
[SourceVersionDate "2021.10.06"]
[SourceQuality "1"]
[WhiteTeam "Brambauer"]
[BlackTeam "Kirchhellen SF"]
[WhiteTeamCountry "GER"]
[BlackTeamCountry "GER"]

1. Nf3 Nf6 2. g3 b5 3. Bg2 Bb7 4. 0-0 e6 5. d3 c5 6. e4 d6 7. Re1 Nbd7 8. Nbd2 Be7 9. c3 0-0 10. a4 a6 11. h3 Qc7 12. g4 Ne5 13. Nf1 Rfd8 14. g5 Nfd7 15. d4 Nxf3+ 16. Bxf3 e5 17. d5 c4 18. Be3 Nc5 19. Bxc5 dxc5 20. h4 Rab8 21. Qe2 Qb6 22. Ne3 h6 23. Nf5 Bf8 24. gxh6 g6 25. h7+ Kxh7 26. Ng3 Bh6 27. Kg2 Bf4 28. Rh1 Kg7 29. h5 Rh8 30. hxg6 fxg6 31. Bg4 Rbf8 32. Be6 Rxh1 33. Rxh1 Qd8 34. Qg4 Bxg3 35. fxg3 Qf6 36. Qe2 Bc8 37. Bxc8 1/2-1/2

[Event "Ruhrgebiet Verbandsliga Gruppe 1 1415"]
[Site "Germany"]
[Date "2014.10.19"]
[Round "2"]
[White "Ribbeheger, Edgar"]
[Black "Zimmermann, Dirk"]
[Result "1/2-1/2"]
[WhiteElo "1984"]
[BlackElo "1930"]
[PlyCount "75"]
[EventDate "2014.09.21"]
[EventType "team-tourn"]
[EventRounds "9"]
[EventCountry "GER"]
[SourceTitle "EXT 2022"]
[Source "ChessBase"]
[SourceDate "2021.10.06"]
[SourceVersion "1"]
[SourceVersionDate "2021.10.06"]
[SourceQuality "1"]
[WhiteTeam "Herne Sodingen II"]
[BlackTeam "Brambauer"]
[WhiteTeamCountry "GER"]
[BlackTeamCountry "GER"]

1. d4 Nf6 2. Nf3 g6 3. Nc3 d5 4. Bf4 Bg7 5. e3 0-0 6. Be2 c6 7. 0-0 Nbd7 8. h3 a5 9. a4 b6 10. Ne5 Nxe5 11. Bxe5 Ba6 12. Bxa6 Rxa6 13. Qd3 Ra7 14. Rfb1 Nd7 15. Bxg7 Kxg7 16. b4 e6 17. e4 axb4 18. Rxb4 b5 19. exd5 exd5 20. Rab1 bxa4 21. Nxa4 Qc7 22. Qc3 Rb8 23. Rxb8 Nxb8 24. Nc5 Nd7 25. Nxd7 Qxd7 26. Rb6 Rc7 27. Qc5 h5 28. h4 Rc8 29. Ra6 Qe6 30. Qc3 Qd7 31. Qa5 Qc7 32. Qc5 Qd7 33. Ra7 Rc7 34. Ra3 Rc8 35. c4 dxc4 36. Rc3 Qd5 37. Rxc4 Qxc5 38. Rxc5 1/2-1/2

[Event "NRW Verbandsliga Group1 1314"]
[Site "Nordrheinwestfalen"]
[Date "2014.03.09"]
[Round "8"]
[White "Zimmermann, Dirk"]
[Black "Seemann, Mathis"]
[Result "1-0"]
[WhiteElo "1950"]
[BlackElo "1919"]
[PlyCount "92"]
[EventDate "2013.09.08"]
[EventType "team-tourn"]
[EventRounds "9"]
[EventCountry "GER"]
[SourceTitle "EXT 2020"]
[Source "ChessBase"]
[SourceDate "2019.10.17"]
[SourceVersion "1"]
[SourceVersionDate "2019.10.17"]
[SourceQuality "1"]
[WhiteTeam "Doppelbauer Brambauer"]
[BlackTeam "Bochum SC an der Uni"]
[WhiteTeamCountry "GER"]
[BlackTeamCountry "GER"]

1. e4 c5 2. Nf3 e6 3. d3 b6 4. g3 Bb7 5. Bg2 g6 6. 0-0 Bg7 7. Re1 Nc6 8. c3 e5 9. Nbd2 Nge7 10. Nc4 d6 11. a4 0-0 12. h4 Qd7 13. Bd2 h6 14. b4 cxb4 15. cxb4 d5 16. exd5 Qxd5 17. Nfxe5 Qxg2+ 18. Kxg2 Nxe5+ 19. Kf1 Bf3 20. Qb3 N7c6 21. Nxe5 Bxe5 22. Rxe5 Nxe5 23. d4 Ng4 24. Kg1 Bb7 25. f3 Nf6 26. Bxh6 Rfe8 27. Kf2 Bd5 28. Qb2 Re6 29. Bg5 Rae8 30. Rc1 a6 31. b5 a5 32. Rc3 Nh5 33. g4 f6 34. Bc1 Ng7 35. Re3 Rc8 36. Rxe6 Nxe6 37. h5 f5 38. hxg6 f4 39. Qd2 Ng5 40. Ba3 Nxf3 41. Qxf4 Nh4 42. Qh6 Rc2+ 43. Kg3 Rg2+ 44. Kf4 Nxg6+ 45. Qxg6+ Kh8 46. Bd6 Rf2+ 1-0

[Event "Plzen op 5th"]
[Site "Plzen"]
[Date "2013.11.27"]
[Round "4"]
[White "Zimmermann, Dirk"]
[Black "Berka, Lubos"]
[Result "1-0"]
[WhiteElo "2041"]
[BlackElo "1817"]
[PlyCount "79"]
[EventDate "2013.11.24"]
[EventType "swiss"]
[EventRounds "7"]
[EventCountry "CZE"]
[SourceTitle "CBM 157 Extra"]
[Source "ChessBase"]
[SourceDate "2013.12.19"]
[SourceVersion "1"]
[SourceVersionDate "2013.12.19"]
[SourceQuality "1"]

1. e4 c6 2. d3 d5 3. Nd2 dxe4 4. dxe4 Nf6 5. Bc4 Nbd7 6. Ngf3 Nb6 7. Bb3 Bg4 8. Bxf7+ Kxf7 9. Ne5+ Ke8 10. Nxg4 Qd4 11. Nxf6+ exf6 12. 0-0 Rd8 13. Qe2 Kf7 14. Nf3 Qc4 15. Qxc4+ Nxc4 16. b3 Na3 17. Bxa3 Bxa3 18. Rad1 Be7 19. Rd3 Rd6 20. Rfd1 Rhd8 21. Kf1 Rxd3 22. Rxd3 Rxd3 23. cxd3 c5 24. Ke2 Ke6 25. Ke3 b6 26. d4 cxd4+ 27. Nxd4+ Kd7 28. f4 a6 29. e5 fxe5 30. fxe5 g6 31. Ke4 h6 32. Kd5 a5 33. Ne6 g5 34. g4 Bb4 35. Ng7 Bf8 36. Nf5 Ke8 37. Ke6 b5 38. Nd6+ Bxd6 39. Kxd6 a4 40. b4 1-0

[Event "NRW Verbandsliga Group1 1314"]
[Site "Nordrheinwestfalen"]
[Date "2013.09.08"]
[Round "1.4"]
[White "Hein, Erwin"]
[Black "Zimmermann, Dirk"]
[Result "1/2-1/2"]
[WhiteElo "2018"]
[BlackElo "1950"]
[PlyCount "70"]
[EventDate "2013.09.08"]
[EventType "team-tourn"]
[EventRounds "9"]
[EventCountry "GER"]
[SourceTitle "EXT 2020"]
[Source "ChessBase"]
[SourceDate "2019.10.17"]
[SourceVersion "1"]
[SourceVersionDate "2019.10.17"]
[SourceQuality "1"]
[WhiteTeam "Dortmund FS 98"]
[BlackTeam "Doppelbauer Brambauer"]
[WhiteTeamCountry "GER"]
[BlackTeamCountry "GER"]

1. Nf3 Nf6 2. c4 d6 3. d4 g6 4. Nc3 Bg7 5. g3 0-0 6. Bg2 Nbd7 7. 0-0 e5 8. e3 Re8 9. b3 c6 10. Ba3 Bf8 11. dxe5 dxe5 12. Bxf8 Kxf8 13. Qd6+ Qe7 14. Rfd1 Qxd6 15. Rxd6 Kg7 16. a4 a5 17. Nd2 Nc5 18. Nce4 Nfxe4 19. Nxe4 Nxe4 20. Bxe4 Be6 21. Rad1 Kf8 22. Kf1 Ke7 23. Ke1 Red8 24. Rxd8 Rxd8 25. Rxd8 Kxd8 26. Kd2 Kc7 27. Kc3 f5 28. Bg2 b6 29. f4 exf4 30. exf4 c5 31. Bf3 Kd6 32. Kd3 Ke7 33. h4 h5 34. Bd5 Kd6 35. Bxe6 Kxe6 1/2-1/2

[Event "Dortmund Sparkassen op-A"]
[Site "Dortmund"]
[Date "2013.08.04"]
[Round "9"]
[White "Sherif, Amina"]
[Black "Zimmermann, Dirk"]
[Result "1/2-1/2"]
[WhiteElo "1641"]
[BlackElo "2050"]
[PlyCount "30"]
[EventDate "2013.07.27"]
[EventType "swiss"]
[EventRounds "9"]
[EventCountry "GER"]
[SourceTitle "CBM 155 Extra"]
[Source "ChessBase"]
[SourceDate "2013.08.26"]
[SourceVersion "1"]
[SourceVersionDate "2013.08.26"]
[SourceQuality "1"]

1. e4 g6 2. d4 Bg7 3. Nc3 d6 4. f4 c6 5. Be3 Nf6 6. Nf3 Bg4 7. Be2 Nbd7 8. 0-0 Qc7 9. Qd2 Nb6 10. h3 Bxf3 11. Rxf3 d5 12. e5 Ne4 13. Nxe4 dxe4 14. Rff1 f5 15. c4 e6 1/2-1/2

[Event "Dortmund Sparkassen op-A"]
[Site "Dortmund"]
[Date "2013.08.02"]
[Round "7"]
[White "Vogt, Marc Jonas"]
[Black "Zimmermann, Dirk"]
[Result "1-0"]
[WhiteElo "1893"]
[BlackElo "2050"]
[PlyCount "53"]
[EventDate "2013.07.27"]
[EventType "swiss"]
[EventRounds "9"]
[EventCountry "GER"]
[SourceTitle "CBM 155 Extra"]
[Source "ChessBase"]
[SourceDate "2013.08.26"]
[SourceVersion "1"]
[SourceVersionDate "2013.08.26"]
[SourceQuality "1"]

1. e4 d6 2. d4 Nf6 3. Nc3 g6 4. f4 Bg7 5. Nf3 0-0 6. Bd3 Nc6 7. 0-0 e5 8. dxe5 dxe5 9. fxe5 Nxe5 10. Nxe5 Qd4+ 11. Kh1 Qxe5 12. Bf4 Qc5 13. Qd2 Nh5 14. Be3 Qe5 15. Rf2 Be6 16. Raf1 c5 17. Qe2 Rac8 18. Bc4 Bxc4 19. Qxc4 Qe6 20. Nd5 b5 21. Qxb5 Qxe4 22. Qb7 Kh8 23. Rxf7 Rfd8 24. Bh6 Qe5 25. Bxg7+ Nxg7 26. Qxc8 Ne6 27. Nf6 1-0

[Event "Dortmund Sparkassen op-A"]
[Site "Dortmund"]
[Date "2013.07.30"]
[Round "4"]
[White "Zimmermann, Dirk"]
[Black "Meyes, Richard"]
[Result "1/2-1/2"]
[WhiteElo "2050"]
[BlackElo "1808"]
[PlyCount "75"]
[EventDate "2013.07.27"]
[EventType "swiss"]
[EventRounds "9"]
[EventCountry "GER"]
[SourceTitle "CBM 155 Extra"]
[Source "ChessBase"]
[SourceDate "2013.08.26"]
[SourceVersion "1"]
[SourceVersionDate "2013.08.26"]
[SourceQuality "1"]

1. d4 Nf6 2. c4 g6 3. Nc3 Bg7 4. e4 d6 5. f3 0-0 6. Be3 c5 7. dxc5 dxc5 8. Qxd8 Rxd8 9. Bxc5 Nc6 10. Rd1 Rxd1+ 11. Nxd1 b6 12. Be3 Nb4 13. Nc3 Nc2+ 14. Kf2 Nxe3 15. Kxe3 Nd7 16. f4 e6 17. Nf3 Nc5 18. e5 f6 19. Be2 Nd7 20. Rd1 fxe5 21. fxe5 Nxe5 22. Rd8+ Kf7 23. Nb5 Ke7 24. Rg8 Bh6+ 25. Kf2 Ng4+ 26. Kg3 Nf6 27. Nc7 Nxg8 28. Nxa8 Kd8 29. Nd4 Bb7 30. Nxe6+ Kd7 31. Nac7 Bc1 32. b4 Ba3 33. Nb5 Bxb4 34. Bg4 a6 35. Nc5+ Kc6 36. Nxb7 axb5 37. Nd8+ Kc5 38. cxb5 1/2-1/2

[Event "Ruhrgebiet Verbandsliga2 1213"]
[Site "Nordrheinwestfalen"]
[Date "2013.02.24"]
[Round "7.6"]
[White "Gross, Thomas"]
[Black "Zimmermann, Dirk"]
[Result "1/2-1/2"]
[WhiteElo "1898"]
[BlackElo "1946"]
[PlyCount "52"]
[EventDate "2012.09.02"]
[EventType "team-tourn"]
[EventRounds "9"]
[EventCountry "GER"]
[SourceTitle "EXT 2020"]
[Source "ChessBase"]
[SourceDate "2019.10.17"]
[SourceVersion "1"]
[SourceVersionDate "2019.10.17"]
[SourceQuality "1"]
[WhiteTeam "Oberhausen SV II"]
[BlackTeam "Doppelbauer Brambauer"]
[WhiteTeamCountry "GER"]
[BlackTeamCountry "GER"]

1. Nf3 Nf6 2. g3 g6 3. b3 Bg7 4. Bb2 0-0 5. Bg2 d6 6. d4 Nbd7 7. Nbd2 e5 8. dxe5 Ng4 9. Nc4 Ngxe5 10. Nfxe5 Nxe5 11. Nxe5 Bxe5 12. Bxe5 dxe5 13. Qxd8 Rxd8 14. 0-0 c6 15. Rfd1 Bf5 16. e4 Be6 17. f3 Kf8 18. Kf2 Ke7 19. f4 f6 20. Bf3 Rac8 21. Rxd8 Rxd8 22. Rd1 Rxd1 23. Bxd1 Kd6 24. Ke3 Bd7 25. Be2 Be6 26. a3 Ke7 1/2-1/2

[Event "Dortmund Sparkassen op-A"]
[Site "Dortmund"]
[Date "2012.07.21"]
[Round "8"]
[White "Zimmermann, Dirk"]
[Black "Rohovoy, Dimitrij"]
[Result "1-0"]
[WhiteElo "2069"]
[BlackElo "1969"]
[PlyCount "43"]
[EventDate "2012.07.14"]
[EventType "swiss"]
[EventRounds "9"]
[EventCountry "GER"]
[SourceTitle "CBM 149 Extra"]
[Source "ChessBase"]
[SourceDate "2012.08.24"]
[SourceVersion "1"]
[SourceVersionDate "2012.08.24"]
[SourceQuality "1"]

1. e4 c5 2. Nf3 d6 3. d4 cxd4 4. Nxd4 Nf6 5. Nc3 Nc6 6. Bc4 e6 7. Bb3 Be7 8. 0-0 0-0 9. Kh1 a6 10. f4 Qa5 11. Be3 Bd7 12. Qe1 Qc7 13. Qg3 Nxd4 14. Bxd4 Bc6 15. Rae1 b5 16. e5 dxe5 17. Bxe5 Qb7 18. f5 exf5 19. Rxf5 Ne8 20. Ref1 Bc5 21. Rg5 g6 22. Rxg6+ 1-0